• 首页
  • 本馆介绍
  • 公告通知
  • 最新文献
  • 馆藏检索
  • 电子资源
  • 读者导购
  • 参考咨询
  • 我的图书馆
  • 登录
  • 详细信息显示
  • 放入我的书架
  • 预约/预借图书
  • 作者相关作品
  • 分类相关作品
  • 丛书相关作品
  • 出版社相关作品

书目信息

  • 表格格式
  • 工作单格式
  • 卡片格式
题名:
侦查中的网络通讯监听法制化研究
    
 
作者: 欧阳爱辉 著
分册:  
出版信息: 北京   中国社会出版社  2017
页数: 236页
开本: 24cm
丛书名: 当代人物经典书库
单 册:
中图分类: D918.2
科图分类:
主题词: 监听设备--应用--刑事侦查--研究
电子资源:
ISBN: 978-7-5087-5600-4
000 01034oam2 2200253 450
001 012001001239
005 20140921103355.0
010    @a978-7-5087-5600-4@b精装@dCNY68.00
100    @a20170619d2017 em y0chiy50 ea
101 0  @achi
102    @aCN@b110000
105    @ay z 000yy
106    @ar
200 1  @a侦查中的网络通讯监听法制化研究@9zhen cha zhong de wang luo tong xun jian ting fa zhi hua yan jiu@f欧阳爱辉著
210    @a北京@c中国社会出版社@d2017
215    @a236页@d24cm
225 2  @a当代人物经典书库
330    @a在信息社会网络通讯监听已成了查明案件真相、打击高危犯罪的重要手段。作者借助文献分析、跨学科科际整合等研究方法,从理论演绎、实证分析、对策建构三层面逐次推进,就侦查中的网络通讯监听法制化展开了绵密细致的较详尽思索,对我国日后相关立法、司法及技术侦查等实践工作给予一定借鉴参照。
461  0 @12001 @a当代人物经典书库
606 0  @a监听设备@x应用@x刑事侦查@x研究
690    @aD918.2@v5
701  0 @a欧阳爱辉@9ou yang ai hui@4著
801  0 @aCN@b上海新华@c20180901
905    @b1156084-8@dD918.2@e844@f5
    
    侦查中的网络通讯监听法制化研究/欧阳爱辉著.-北京:中国社会出版社,2017
    236页;24cm.-(当代人物经典书库)
    
    
    ISBN 978-7-5087-5600-4(精装):CNY68.00
    在信息社会网络通讯监听已成了查明案件真相、打击高危犯罪的重要手段。作者借助文献分析、跨学科科际整合等研究方法,从理论演绎、实证分析、对策建构三层面逐次推进,就侦查中的网络通讯监听法制化展开了绵密细致的较详尽思索,对我国日后相关立法、司法及技术侦查等实践工作给予一定借鉴参照。
●
相关链接 在E读中查询图书 在五车中查询图书 在当当中查询图书 在豆瓣中查询图书


正题名:侦查中的网络通讯监听法制化研究     索取号:D918.2/844         预约/预借

序号 登录号 条形码 馆藏地/架位号 状态 备注
1 1156084   211560844   第一样本阅览室/ [索取号:D918.2/844] 在馆    
2 1156085   211560853   第一借阅区/ [索取号:D918.2/844] 在馆    
3 1156086   211560862   第一借阅区/ [索取号:D918.2/844] 在馆    
4 1156087   211560871   第一借阅区/ [索取号:D918.2/844] 在馆    
5 1156088   211560880   第一借阅区/ [索取号:D918.2/844] 在馆    
唐山师范学院图书馆 欢迎您!
大连网信软件有限公司© 版权所有